| 000 | 00823cab a22001935a 4500 | ||
|---|---|---|---|
| 001 | L146216 | ||
| 008 | 081216s2008 xxk f s 000 0 eng d | ||
| 035 | _a(Sirsi) u146216 | ||
| 041 | 0 | _aeng | |
| 110 | 2 | _aCentral Association of Agricultural Valuers | |
| 245 | 0 | 0 | _aCAAV tenanted farms survey 2007 |
| 260 | _c2008 | ||
| 490 |
_aFarmland Market _v(70) Winter 2008, 31(1) |
||
| 520 | _aThe 31st annual Tenanted Farms Survey of the Central Association of Agricultural Valuers provides a range of key indicators on the tenanted sector, commentary on agricultural tenancies in general and also introduces some information on key indicators for the first six months of 2008. | ||
| 590 | _aKA | ||
| 651 | 4 |
_aEngland and Wales _y1543- |
|
| 690 | _aPROPERTY-LANDLORD AND TENANT-TENANCIES-AGRICULTURAL TENANCIES | ||
| 942 | _n0 | ||
| 999 |
_c81088 _d81088 |
||